Statistics for FC Barcelona scorers in Liga 2015-2016

Click here to take the quiz!

General Stats

  • This quiz has been taken 123 times
    (87 since last reset)
  • The average score is 8 of 11

Answer Stats

PlayerGoals% Correct
Luis Suarez40
100%
Lionel Messi26
100%
Neymar24
100%
Gérard Piqué2
97%
Andrès Iniesta1
95%
Ivan Rakitic7
87%
Rafinha1
54%
Munir El Haddadi3
53%
Arda Turan2
39%
Marc Bartra2
30%
Thomas Vermaelen1
24%

Score Distribution

Percentile by Number Answered

Percent of People with Each Score

Your Score History

You have not taken this quiz since the last reset